Atlas linguistique de la France. (Record no. 56924)

MARC details
000 -LEADER
campo de control de longitud fija 00747nam a2200193 i 4500
001 - NÚMERO DE CONTROL
campo de control 56924
003 - IDENTIFICADOR DE NÚMERO DE CONTROL
campo de control ES-MaACL
005 - FECHA Y HORA DE LA ÚLTIMA TRANSACCIÓN
campo de control 20251003164857.0
007 - CAMPO FIJO DE DESCRIPCIÓN FÍSICA--INFORMACIÓN GENERAL
campo de control de longitud fija t|
008 - DATOS DE LONGITUD FIJA--INFORMACIÓN GENERAL
campo de control de longitud fija 21126 m19141915fr ||||1| fre d
245 00 - MENCIÓN DEL TÍTULO
Título Atlas linguistique de la France.
Nombre de parte o sección de la obra Corse /
Mención de responsabilidad, etc. publié par J. Gilliéron,... et E. Edmont.
260 ## - PUBLICACIÓN, DISTRIBUCIÓN, ETC.
Lugar de publicación, distribución, etc. Paris :
Nombre del editor, distribuidor, etc. H. Champion,
Fecha de publicación, distribución, etc. 1914-1915.
300 ## - DESCRIPCIÓN FÍSICA
Extensión 4 vol. :
Otras características físicas planos ;
Dimensiones 64 x 53 cm.
505 8# - NOTA DE CONTENIDO CON FORMATO
Nota de contenido con formato Contiene: Fasc.l. 1 : Cartes 1 à 199, 1914. - Fasc. 2 : Cartes 200 à 399, 1914. - Fasc. 3 : Cartes 400 à 599, 1914. -Fasc. 4 : Cartes 600 à 799, 1915
650 #4 - PUNTO DE ACCESO ADICIONAL DE MATERIA--TÉRMINO DE MATERIA
Término de materia o nombre geográfico como elemento de entrada Lengua francesa-
Subdivisión general Dialectos-
Subdivisión de forma Atlas.
9 (RLIN) 161452
700 1# - ENTRADA AGREGADA--NOMBRE PERSONAL
Nombre de persona Edmont, Edmond,
Fechas asociadas al nombre 1849-1926
9 (RLIN) 161451
852 ## - LOCALIZACIÓN
Ubicación ES-MaACL
Número de control de estantería Z-509(2)
Holdings
Estatus retirado Estado de pérdida Estado de daño No para préstamo Biblioteca de origen Biblioteca actual Ubicación en estantería Fecha de adquisición Fuente de adquisición Total de préstamos Signatura topográfica completa Código de barras Visto por última vez Precio de reemplazo Tipo de ítem Koha
        Biblioteca del Ateneo de Madrid Biblioteca del Ateneo de Madrid Depósito Z 21/12/2016     Z-509(2) 1196856 23/02/2023 23/02/2023 Libro impreso